Labourers in the vineyard, (Record no. 122199)
[ view plain ]
| 000 -LEADER | |
|---|---|
| fixed length control field | 00938cam a22002411 4500 |
| 001 - CONTROL NUMBER | |
| control field | 8747412 |
| 003 - CONTROL NUMBER IDENTIFIER | |
| control field | ARRUPE |
| 005 - DATE AND TIME OF LATEST TRANSACTION | |
| control field | 20150225143838.0 |
| 008 - FIXED-LENGTH DATA ELEMENTS--GENERAL INFORMATION | |
| fixed length control field | 750616s1930 xx 000 0 eng |
| 010 ## - LIBRARY OF CONGRESS CONTROL NUMBER | |
| LC control number | 30022726 |
| 035 ## - SYSTEM CONTROL NUMBER | |
| System control number | (OCoLC)1393994 |
| 040 ## - CATALOGING SOURCE | |
| Original cataloging agency | DLC |
| Transcribing agency | FM |
| Modifying agency | DLC |
| 050 00 - LIBRARY OF CONGRESS CALL NUMBER | |
| Classification number | PQ4835.A27 |
| Item number | L32 1930 |
| 082 00 - DEWEY DECIMAL CLASSIFICATION NUMBER | |
| Classification number | 920.02 |
| 300 ## - PHYSICAL DESCRIPTION | |
| Dimensions | 21 cm. |
| 100 1# - MAIN ENTRY--PERSONAL NAME | |
| Personal name | Papini, Giovanni, |
| Dates associated with a name | 1881-1956. |
| 9 (RLIN) | 15554 |
| 245 10 - TITLE STATEMENT | |
| Title | Labourers in the vineyard, |
| Statement of responsibility, etc | by Giovanni Papini. |
| 260 ## - PUBLICATION, DISTRIBUTION, ETC. (IMPRINT) | |
| Place of publication, distribution, etc | London, |
| Name of publisher, distributor, etc | Sheed & Ward, |
| Date of publication, distribution, etc | 1930. |
| 300 ## - PHYSICAL DESCRIPTION | |
| Extent | xi. 250, [1] p. |
| 505 0# - FORMATTED CONTENTS NOTE | |
| Formatted contents note | Petrarch.-Michelangelo Buonarrotl.-Glovanni Fattort.-Oscar Ghiglia.-Romano Romanelli.-The evangelists.-Saint Francis of Assisi.-Jacopone da Todi.-Saint Ignatius of Loyola.-Joseph de Maistre.-Alessandro Manzonl.-Plus xi.-Domenico Glullottl.-Caesar and Virgil. |
| 700 1# - ADDED ENTRY--PERSONAL NAME | |
| Personal name | Curtayne, Alice, |
| Titles and other words associated with a name | tr. |
| 9 (RLIN) | 15555 |
| 906 ## - LOCAL DATA ELEMENT F, LDF (RLIN) | |
| a | 7 |
| b | cbc |
| c | oclcrpl |
| d | u |
| e | ncip |
| f | 19 |
| g | y-gencatlg |
| 942 ## - ADDED ENTRY ELEMENTS (KOHA) | |
| Source of classification or shelving scheme | Library of Congress Classification |
| Koha item type | Monograph ( Printed materials) |
| Withdrawn status | Lost status | Source of classification or shelving scheme | Damaged status | Not for loan | Collection code | Home library | Current library | Shelving location | Date acquired | Total Checkouts | Full call number | Barcode | Date last seen | Price effective from | Koha item type |
|---|---|---|---|---|---|---|---|---|---|---|---|---|---|---|---|
| Library of Congress Classification | Main Collection | ARRUPE LIBRARY | ARRUPE LIBRARY | Main Collection | 25/02/2015 | PQ4835.A27 L32 1930 | 46500000953 | 25/02/2015 | 25/02/2015 | Monograph ( Printed materials) |